000 02439cam a22006494i 4500
003 PE-LiUPU
005 20250731170457.0
008 150706s2010 sp rb 000 0 spa d
020 _a9788431327149
035 _a(Sirsi) i9788431327149
040 _aPE-LiUPU
_bspa
_cPE-LiUPU
_erda
049 _aPRUA
082 0 4 _a174.4
_bF75
_221
100 1 _aFontrodona Felip, Joan ,
_eautor.
245 1 3 _aLa ética de la empresa en la encrucijada /
_cJuon Fontrodona Felip, Manuel Guillén Parra y Alfredo Rodríguez Sedano.
264 1 _aBarañáin, Navarra :
_bEUNSA,
_c2010 .
300 _a196 páginas ;
_c22 cm.
336 _atext
_2rdacontent
337 _aunmediated
_2rdamedia
338 _avolume
_2rdacarrier
490 0 _aAstrolabio. Economía y empresa
504 _aIncluye bibliografía.
505 0 _aLa ética: una visión panorámica. -Planteamientos unilaterales -- Planteamientos intermedios -- Visión integral de la ética -- Integración de la ética y la dirección de empresas -- Intentos de conexión entre ética y dirección -- La ética en los distintos enfoques de organización -- La ética en la acción directiva -- El lugar de la ética en la empresa -- La responsabilidad ética del directivo -- Avision ética de la empresa -- El .
526 _aSEG68
526 _aSEG70
526 _aSEG69
526 _aSEG67
526 _aSEG43
526 _aP144
526 _aP143
526 _aP131
526 _aP122
526 _aP120
526 _aP117
526 _aP112
526 _aP110
526 _aP106
526 _aP101
526 _aP80
526 _aP59
526 _aP54
526 _aP35
526 _aP33
526 _aP30
541 _g001-0037277;
650 0 4 _aÉtica empresarial.
_95378
650 0 4 _aEtica de los negocios.
650 0 4 _aEtica profesional.
_92497
700 1 _aGuillén Parra, Manuel,
_eautor.
700 1 _aRodríguez Sedano, Alfredo,
_eautor.
910 _agl
_cng
_d20130724
942 _2ddc
_cBOOK
949 _a174.4 F75
_wDEWEY
_c1
_i68248
_lCCODEBUL1
_mBUL
_p24.00
_r0
_sY
_tBOOK
_u2015-7-6
_xFCE
_zAGB
_o.STAFF. Colección General
994 _aC0
_bPEPRU
596 _a1
999 _a174.4 F75
_wDEWEY
_c55660
_i68248
_f2021-11-4
_g6
_lCCODEBUL1
_mBUL
_p24.00
_r0
_sY
_tBOOK
_u2015-7-6
_xBIBLIOTECA
_zAGB
_0COMPRA
_o.STAFF. Colección General
_d55660
980 _81
_gALBERTO SANCHEZ Responsable de Automatización